LIBRARY & INFORMATION CENTRE, KCAET, TAVANUR

ONLINE PUBLIC ACCESS CATALOGUE (OPAC)

Kerala swathanthrya samaram (Record no. 627)

MARC details
000 -LEADER
fixed length control field 00408cam a2200181ua 4500
041 ## - LANGUAGE CODE
Language code of text/sound track or separate title mal
082 ## - DEWEY DECIMAL CLASSIFICATION NUMBER
Classification number 954.83
Item number KMP/KE
100 ## - MAIN ENTRY--AUTHOR NAME
Personal name Paniker, K. M .
245 ## - TITLE STATEMENT
Title Kerala swathanthrya samaram
260 ## - PUBLICATION, DISTRIBUTION, ETC. (IMPRINT)
Place of publication Qulion :
Name of publisher Tilak printers ,
Year of publication 1956.
300 ## - PHYSICAL DESCRIPTION
Number of Pages 564 ; .
942 ## - ADDED ENTRY ELEMENTS (KOHA)
Koha item type Books
Holdings
Withdrawn status Lost status Damaged status Home library Current library Date acquired Cost, normal purchase price Full call number Accession Number Koha item type
Withdrawn     KAUAET KAUAET 07/04/2012 7.00 954.83 2610 Books
Withdrawn     KAUAET KAUAET 07/04/2012   954.83 2609 Books
free website counter